| 000 | 00718nam a2200217 a 4500 | ||
|---|---|---|---|
| 005 | 20250531063816.0 | ||
| 008 | 040810s1997 es r 000 0 spa d | ||
| 020 | _a8477384932 | ||
| 035 | _aUPN01000134168 | ||
| 049 | _aCG | ||
| 050 | 4 |
_aJX1679 _bM3.3 |
|
| 100 | 1 | _aMarín Calahorro, Francisco | |
| 245 | 1 | 0 |
_aFundamentos del protocolo en la comunicación institucional : _bguía práctica / _cFrancisco Marín Calahorro. |
| 260 |
_aMadrid : _bSíntesis, _c1997. |
||
| 300 | _a206 p. | ||
| 440 | 0 |
_aCiencias de la información. _pExperiencias e investigación ; _v4 |
|
| 650 | 4 |
_aSERVICIO DIPLOMATICO Y CONSULAR _917532 |
|
| 650 | 4 |
_aDiplomacia _916478 |
|
| 650 | 4 |
_aETIQUETA DIPLOMATICA _917531 |
|
| 905 | _aLibro | ||
| 999 |
_c106319 _d106319 |
||